[Event "Asian Zonal 3.2 2019"]
[Site "Dhaka"]
[Date "2019.03.22"]
[Round "8.7"]
[White "Abu Sufian, Shakil"]
[Black "Jamal Uddin"]
[Result "1/2-1/2"]
[WhiteElo "2254"]
[BlackElo "2062"]
[Annotator "TA"]
[PlyCount "88"]
[EventDate "2019.03.14"]
[EventType "swiss"]
[EventCountry "BAN"]
[SourceTitle "playchess.com"]
[Source "ChessBase"]
[SourceQuality "1"]

{[%evp 12,88,25,21,49,58,46,45,112,92,79,22,22,-9,5,0,0,-8,25,20,26,31,23,15,12,19,100,106,97,93,101,100,99,79,72,50,162,87,93,104,116,130,125,111,268,257,222,141,147,160,155,156,146,154,156,196,179,129,133,162,149,0,0,0,0,0,0,0,0,0,0,0,0,0,0,0,0,0,0]} 1. e4 e5 {[%cal Be7e5,Be5d4][%mdl 32]} 2. Nf3 Nc6 3. Bb5 g6 4. d4 exd4 5. Bg5 Be7 6. Bxe7 Qxe7 7. O-O {LiveBook: 83 Games} a6 {C60: Ruy Lopez: Unusual Black 3rd moves and 3...g6} (7... Qc5 8. Bxc6 dxc6 9. Qxd4 Qxd4 10. Nxd4 Bd7 11. Nc3 O-O-O 12. Rad1 Nf6 13. f3 Rde8 14. Kf2 g5 15. Rfe1 {½-½ (65) Martinez Duany,L (2509)-Demchenko,A (2671) Rochefort 2018}) 8. Bxc6 dxc6 9. Qxd4 f6 $146 (9... Nf6 $14) ({Predecessor:} 9... Nf6 10. Nc3 O-O 11. e5 Ne8 12. Rad1 Bf5 13. Rd2 f6 14. Re1 Ng7 15. exf6 Qxf6 16. Qxf6 Rxf6 {½-½ (60) Gundavaa,B (2507)-Khatanbaatar,B (2368) Govi Altai 2014}) 10. Nbd2 Nh6 11. Qe3 (11. Rfe1 $16) 11... Nf7 $11 12. Nd4 O-O 13. f4 c5 14. N4f3 b5 15. c4 Bb7 16. Rfe1 Rfe8 17. Rac1 b4 18. Re2 Nd6 (18... a5 $11) 19. Rce1 $16 f5 {[%cal Rd6e4]} 20. e5 Ne4 21. Nxe4 Bxe4 22. Nd2 $36 {[%mdl 2048] Keeping Black busy.} Bc2 23. Nf1 Ba4 (23... Be4 $14) 24. Rd2 ({White should play} 24. Qf3 $18) 24... Rad8 25. Rd5 $1 Rxd5 26. cxd5 Rd8 27. Qd2 c4 $2 {[#]} (27... Bc6 $16 {was called for.}) 28. Qd4 $1 $18 c5 29. Qxc4 {Black must now prevent d6+.} Bb5 {[#]} 30. Qb3 $1 {d6+ is the strong threat.} c4 31. Qd1 Qc5+ 32. Ne3 Bc6 {[%cal Rd8d5]} 33. d6 Be4 34. Kh1 c3 35. bxc3 bxc3 {[%cal Bb4c3,Bc3c2][%mdl 32]} 36. Qb3+ (36. h4 $16) 36... Kg7 $1 $11 {The position is equal.} 37. h4 c2 38. Rc1 {[%cal Re3c2]} Rb8 39. Nxf5+ gxf5 40. Qxb8 {Hoping for Qc7+. KQR-KQB} Qe3 41. Qc7+ Kh6 {( -> ...Qh3+)} 42. Rxc2 Qe1+ 43. Kh2 {White threatens Qe7! and mate.} Qxh4+ 44. Kg1 Qe1+ {Precision: White = 52%, Black = 57%.} 1/2-1/2

[Event "Asian Zonal 3.2 2019"]
[Site "Dhaka"]
[Date "2019.03.22"]
[Round "8.8"]
[White "Shawket Bin, Osman Shaon"]
[Black "Alahakoon, Isuru"]
[Result "0-1"]
[WhiteElo "2111"]
[BlackElo "2079"]
[Annotator "TA"]
[PlyCount "108"]
[EventDate "2019.03.14"]
[EventType "swiss"]
[EventCountry "BAN"]
[SourceTitle "playchess.com"]
[Source "ChessBase"]
[SourceQuality "1"]

{[%evp 27,108,-22,-15,-16,-27,-29,-35,-43,-25,-52,19,-45,-53,-56,-51,-49,-25,-28,-21,-20,-20,-29,-29,-62,-21,-53,-8,-35,0,-33,-25,-41,-16,-132,-120,-113,-118,-262,-250,-237,-157,-153,-54,-172,-169,-298,-282,-315,-313,-296,-254,-247,-257,-247,-235,-302,-302,-302,-302,-316,-316,-572,-561,-670,-560,-648,-642,-718,-721,-714,-707,-885,-843,-897,-877,-1113,-1003,-29953,-11019,-29956,-6087,-29981,-29982]} 1. e4 c5 2. Nf3 Nc6 3. d4 cxd4 4. Nxd4 g6 5. Nc3 Bg7 6. Be3 Nf6 {[%cal Bg8f6,Bf6d5,Bd5f4][%mdl 32]} 7. Be2 O-O 8. O-O d5 9. exd5 Nb4 10. Qd2 Nbxd5 11. Nxd5 Nxd5 12. Bh6 e5 13. Bxg7 Kxg7 14. Nb3 {B34: Sicilian: Accelerated Dragon with 5 Nc3: sidelines} Nf4 {LiveBook: 3 Games} 15. Rfd1 $146 ({Predecessor:} 15. Rfe1 Qxd2 16. Nxd2 Nxe2+ 17. Rxe2 f6 18. Ne4 Rd8 19. Rd2 Rxd2 20. Nxd2 Bf5 21. Re1 Rc8 {0-1 (42) Sonjaya,D (2309)-Priasmoro,N (2423) Penang 2017}) 15... Qg5 {[%csl Gf4][%cal Rg5g2] [#]} 16. Bf1 {Black has an edge.} Bg4 17. Re1 Rac8 18. Rac1 Bf3 (18... Be6 $15 19. Re3 Rfd8) 19. Qe3 (19. g3 $1 $11) 19... Bxg2 $15 {[#] ( -> ...Bf3+)} 20. Qxe5+ Qxe5 21. Rxe5 Bd5 22. c4 Bc6 23. Na5 Rfd8 24. Nxc6 Rxc6 25. Re4 g5 26. h4 h6 27. b4 Rd2 28. a4 Rg6 $36 {[%mdl 2048] White is under pressure.} 29. h5 $1 {[%cal Rh5g6]} Nxh5 30. Re7 (30. c5 $11 {remains equal.}) 30... Rf6 $17 31. Re2 Rd4 32. Bh3 (32. Rec2 $17) 32... Nf4 $19 33. Re3 Rd2 {Hoping for ...Ne2+.} 34. Bf1 Ng6 (34... Rb2 $17 35. b5 Ne6) 35. Re2 (35. c5 $1 $15) 35... Rd4 36. Bh3 (36. Re3 $142) 36... Rff4 37. Rec2 Ne5 38. Bc8 Rxc4 39. Rxc4 Nxc4 40. Bxb7 {[%mdl 4096] Endgame KRB-KRN} Nd6 41. Bd5 Rxb4 42. Rc6 Ne8 ({And not} 42... Rxa4 43. Rxd6 f5 44. Bb3 $14) 43. Rc8 Nf6 44. Bc6 $2 (44. Bc4) 44... Rc4 45. Rc7 Kg6 46. f3 {Threatens to win with Be4+!} Nd5 47. Rd7 Rxc6 48. Rxd5 {KR-KR} f5 49. a5 h5 {[%cal Bh6h5,Bh5h4,Bh4h3][%mdl 32]} 50. Rd7 Ra6 51. Rd5 g4 52. f4 h4 53. Kg2 Rc6 54. Rd7 h3+ {Precision: White = 20%, Black = 70%.} 0-1

[Event "Asian Zonal 3.2 2019"]
[Site "Dhaka"]
[Date "2019.03.23"]
[Round "9.1"]
[White "Reefat, Bin-Sattar"]
[Black "Hossain, Enamul"]
[Result "1-0"]
[WhiteElo "2419"]
[BlackElo "2438"]
[Annotator "TA"]
[PlyCount "97"]
[EventDate "2019.03.14"]
[EventType "swiss"]
[EventCountry "BAN"]
[SourceTitle "playchess.com"]
[Source "ChessBase"]
[SourceQuality "1"]

{[%evp 13,97,7,20,13,16,16,18,20,28,16,18,21,33,17,20,14,18,16,23,15,70,66,60,68,68,65,68,68,72,60,62,60,67,60,60,60,60,60,68,73,73,62,95,89,123,119,123,116,116,120,119,81,83,83,117,112,112,112,117,67,84,75,75,75,75,75,77,77,91,91,95,85,331,303,898,898,898,581,29965,29966,29968,29968,29974,29975,29974,29970]} 1. e4 c5 2. Nf3 e6 3. d4 cxd4 4. Nxd4 Nc6 {[%cal Bb8c6,Bc6a5,Ba5c4][%mdl 32]} 5. Nc3 Qc7 6. Be3 a6 7. Qd2 Nf6 8. f4 {B48: Sicilian: Taimanov: 5 Nc3 Qc7 6 Be3 a6 without Be2} Bb4 9. Bd3 Na5 10. a3 {The position is equal.} Bxc3 11. Qxc3 Qxc3+ 12. bxc3 d5 13. exd5 exd5 14. Nb3 $36 {[%mdl 2048] White is more active.} Nc4 15. Bd4 Ne4 {[#]} 16. Nc5 $146 f5 ({Better is} 16... Nxc5 $11 17. Bxc5 b6 18. Bxc4 dxc4 19. Bxb6 O-O) 17. Nxe4 fxe4 18. Bxc4 dxc4 19. Kd2 O-O 20. Ke3 Rf7 21. h3 Bd7 22. g4 Bc6 23. Rhg1 Rd8 24. h4 Rd5 25. h5 Kf8 26. f5 h6 27. Rgf1 Ke8 28. Rf4 Rb5 29. Raf1 a5 30. f6 gxf6 31. Bxf6 a4 32. Rd1 {[%csl Gf6][%cal Rd1d8] [#]} Rd5 33. Rxe4+ Kf8 34. Rxd5 Bxd5 $16 {[%mdl 4096] Endgame KRB-KRB} 35. Rf4 Be6 36. Kf3 Ke8 37. Kg3 Kf8 38. Kh4 Kg8 39. g5 hxg5+ 40. Kxg5 {Hoping for Re4.} Rd7 41. Bd4 Rd5+ 42. Kf6 Bd7 $2 {[#]} (42... Bh3 $16) 43. Be5 $1 $18 Kh7 $2 (43... Bc6 44. Rxc4 Kh7) 44. Rd4 Bc6 45. Ke6 Rxd4 46. cxd4 {[%cal Bc3d4,Bd4d5][%mdl 32] White mates.} ({Worse is} 46. Bxd4 Kh6 $11) 46... Be4 47. c3 Kg8 48. d5 Bf3 49. h6 {Accuracy: White = 75%, Black = 52%.} 1-0

[Event "Asian Zonal 3.2 2019"]
[Site "Dhaka"]
[Date "2019.03.23"]
[Round "9.2"]
[White "Mehdi Hasan Parag"]
[Black "Mohammad Fahad, Rahman"]
[Result "0-1"]
[WhiteElo "2229"]
[BlackElo "2278"]
[Annotator "ChessBase"]
[PlyCount "112"]
[EventDate "2019.03.14"]
[EventType "swiss"]
[EventCountry "BAN"]
[SourceTitle "playchess.com"]
[Source "ChessBase"]
[SourceQuality "1"]
[TimeControl "5400+30"]

1. e4 {[%emt 0:00:00]} c5 {[%emt 0:00:00]} 2. Nf3 {[%emt 0:00:00]} d6 {[%emt 0:00:00]} 3. d4 {[%emt 0:00:11]} cxd4 {[%emt 0:00:00]} 4. Nxd4 {[%emt 0:00:06]} Nf6 {[%emt 0:00:00]} 5. Nc3 {[%emt 0:00:04]} Nc6 {[%emt 0:00:05]} 6. Bc4 {[%emt 0:01:06]} e6 {[%emt 0:00:10]} 7. Be3 {[%emt 0:00:09]} a6 {[%emt 0:00:17]} 8. Bb3 {[%emt 0:00:12]} Na5 {[%emt 0:01:29]} 9. f4 {[%emt 0:02:09]} Qc7 {[%emt 0:00:10]} 10. g4 {[%emt 0:00:28]} Nc4 {[%emt 0:02:14]} 11. Bxc4 {[%emt 0:00:09]} Qxc4 {[%emt 0:00:08]} 12. g5 {[%emt 0:00:14]} Nd7 {[%emt 0:01:53]} 13. Qf3 {[%emt 0:00:07]} b5 {[%emt 0:02:49]} 14. a3 {[%emt 0:00:09]} Bb7 {[%emt 0:02:45]} 15. O-O-O {[%emt 0:00:40]} d5 {[%emt 0:08:06]} 16. f5 {[%emt 0:19:35]} e5 {[%emt 0:11:40]} 17. exd5 {[%emt 0:07:14]} exd4 {[%emt 0:10:09]} 18. Rxd4 {[%emt 0:00:06]} Qc7 {[%emt 0:00:54]} 19. Re4+ {[%emt 0:03:38]} Kd8 {[%emt 0:02:15]} 20. Bd4 {[%emt 0:01:09]} f6 {[%emt 0:14:21]} 21. Re6 {[%emt 0:14:50]} Bc5 {[%emt 0:07:27]} 22. Qe4 {[%emt 0:09:09]} Bxd4 {[%emt 0:13:47]} 23. Qxd4 {[%emt 0:02:10]} Qc5 {[%emt 0:00:16]} 24. Qd2 {[%emt 0:00:44]} b4 {[%emt 0:02:01]} 25. axb4 {[%emt 0:00:54]} Qxb4 {[%emt 0:00:09]} 26. Rhe1 {[%emt 0:09:45]} a5 {[%emt 0:01:03]} 27. Qe3 {[%emt 0:04:48]} Ra6 {[%emt 0:01:19]} 28. Re7 {[%emt 0:07:08]} Rg8 {[%emt 0:03:42]} 29. gxf6 {[%emt 0:01:43]} Rxf6 {[%emt 0:00:40]} 30. b3 {[%emt 0:11:49]} Rd6 {[%emt 0:07:59]} 31. Qd3 {[%emt 0:01:26]} Qf4+ {[%emt 0:01:32]} 32. Kb1 {[%emt 0:00:14]} Ba6 {[%emt 0:00:11]} 33. Qh3 {[%emt 0:01:09]} Rh6 {[%emt 0:00:23]} 34. Qg2 {[%emt 0:01:04]} Rxh2 {[%emt 0:00:36]} 35. Qg1 {[%emt 0:01:20]} Qf2 {[%emt 0:00:17]} 36. Qxf2 {[%emt 0:00:41]} Rxf2 {[%emt 0:00:07]} 37. R7e6 {[%emt 0:01:04]} Rf1 {[%emt 0:02:25]} 38. Rxf1 {[%emt 0:00:36]} Bxf1 {[%emt 0:00:05]} 39. Ne4 {[%emt 0:00:21]} Bg2 {[%emt 0:04:07]} 40. Ng5 {[%emt 0:00:00]} Rf8 {[%emt 0:00:00]} 41. Ra6 {[%emt 0:00:00]} Bxd5 {[%emt 0:00:00]} 42. Rxa5 {[%emt 0:00:00]} Rxf5 {[%emt 0:00:00]} 43. Nxh7 {[%emt 0:00:00]} g5 {[%emt 0:00:00]} 44. Nxg5 {[%emt 0:00:00]} Rxg5 {[%emt 0:00:00]} 45. Kb2 {[%emt 0:00:00]} Kc7 {[%emt 0:00:00]} 46. c4 {[%emt 0:00:00]} Rg2+ {[%emt 0:00:00]} 47. Kc3 {[%emt 0:00:00]} Rg3+ {[%emt 0:00:00]} 48. Kb4 {[%emt 0:00:00]} Be4 {[%emt 0:00:00]} 49. Ra2 {[%emt 0:00:00]} Nb8 {[%emt 0:00:00]} 50. Re2 {[%emt 0:00:00]} Nc6+ {[%emt 0:00:00]} 51. Ka4 {[%emt 0:00:00]} Rg8 {[%emt 0:00:00]} 52. Ka3 {[%emt 0:00:00]} Bf5 {[%emt 0:00:00]} 53. Rf2 {[%emt 0:00:00]} Be6 {[%emt 0:00:00]} 54. Rd2 {[%emt 0:00:00]} Rg3 {[%emt 0:00:00]} 55. Ka4 {[%emt 0:00:00]} Bd7 {[%emt 0:00:00]} 56. Ka3 {[%emt 0:00:00]} Na5 {[%emt 0:00:00]} 0-1

[Event "Asian Zonal 3.2 2019"]
[Site "Dhaka"]
[Date "2019.03.23"]
[Round "9.3"]
[White "Mollah Abdullah, Al Rakib"]
[Black "Thilakarathne, G M H"]
[Result "1/2-1/2"]
[WhiteElo "2460"]
[BlackElo "2417"]
[Annotator "TA"]
[PlyCount "83"]
[EventDate "2019.03.14"]
[EventType "swiss"]
[EventCountry "BAN"]
[SourceTitle "playchess.com"]
[Source "ChessBase"]
[SourceQuality "1"]

{[%evp 11,83,18,15,14,12,20,13,8,27,19,37,35,30,35,35,2,6,-6,41,23,85,85,97,87,82,95,133,124,114,52,47,45,41,52,71,47,40,9,51,43,39,35,44,19,20,0,140,62,89,67,180,174,180,137,131,136,128,112,125,106,100,100,98,90,87,79,88,93,99,76,77,60,57,52]} 1. d4 Nf6 2. Nf3 d5 3. c4 e6 4. Nc3 c6 5. Qb3 Nbd7 6. Bg5 h6 7. Bh4 {D43: Semi-Slav: 5 Bg5 h6} Be7 8. e3 O-O 9. Be2 {The position is equal.} (9. Rd1 a6 10. Qc2 b5 11. c5 e5 12. dxe5 Ne8 13. Bg3 Nxc5 14. Nd4 {0-1 (54) Jumabayev,R (2612)-Kasimdzhanov,R (2683) Riadh 2017}) 9... dxc4 10. Qxc4 Qb6 11. Rb1 c5 12. O-O cxd4 13. exd4 $146 ({Predecessor:} 13. Nxd4 Ne5 14. Qb5 Qxb5 15. Ndxb5 Bd7 16. Bg3 {½-½ (16) Karaulov,D-Vinogradov,P (2348) Kharkov 2003}) 13... Rd8 14. Bg3 {Threatens to win with Bc7.} Qc6 15. Qb3 Bd6 {[#]} (15... Qb6 $11 {keeps the balance.}) 16. Ne5 $1 $16 {[%cal Re5c6]} Qb6 17. Nb5 Bxe5 18. dxe5 Ne4 19. Bf4 {Hoping for Be3.} a6 20. Qc2 (20. Qa3 $16 {Strongly threatening Rbc1.} Qc5 21. b4) 20... axb5 $14 21. Qxe4 Nf8 22. Be3 Qa6 23. a3 Bd7 $1 24. Bh5 Qc6 (24... Bc6 $5 {[%cal Rc6e4]} 25. Qh4 Qa4 $14) 25. Qf4 {aiming for Rbc1.} Be8 26. Rbc1 $36 {[%mdl 2048] Black is under pressure.} Qd5 27. Bf3 Qb3 28. Bxb7 Rab8 {[#]} (28... Ra4 $11 {remains equal.} 29. Qg3 Rb8) 29. Qe4 ({White should play} 29. Qf3 $1 $16) 29... Qxb2 30. Ba7 {[%mdl 64] Trapped Piece} Rxb7 ({Black should try} 30... Qxa3 $14 31. Bxb8 Rxb8) 31. Qxb7 $18 Qxe5 32. Rc8 Rxc8 33. Qxc8 Bd7 34. Qd8 Qd6 35. Qa5 Bc6 36. Qc3 Ng6 37. f3 Bd5 38. Bc5 Qf4 39. Be3 Qf5 40. Qd4 Kh7 41. Bd2 f6 42. Qe3 {Accuracy: White = 60%, Black = 59%.} 1/2-1/2

[Event "Asian Zonal 3.2 2019"]
[Site "Dhaka"]
[Date "2019.03.23"]
[Round "9.4"]
[White "Rahman, Syed Mahfuzur"]
[Black "Rahman, Ziaur"]
[Result "0-1"]
[WhiteElo "2202"]
[BlackElo "2489"]
[Annotator "TA"]
[PlyCount "118"]
[EventDate "2019.03.14"]
[EventType "swiss"]
[EventCountry "BAN"]
[SourceTitle "playchess.com"]
[Source "ChessBase"]
[SourceQuality "1"]

{[%evp 23,118,21,40,39,40,19,19,14,31,50,29,-38,-31,-34,-31,-44,52,0,60,0,0,-8,-12,-15,0,0,0,0,0,0,0,0,0,0,0,0,0,0,0,0,4,0,0,0,0,0,0,0,0,-104,-100,-113,-102,-118,-123,-111,-113,-216,-194,-244,-253,-309,-310,-314,-302,-319,-319,-365,-318,-325,-325,-325,-318,-325,-325,-319,-318,-318,-310,-364,-355,-338,-332,-400,-386,-453,-442,-460,-461,-522,-516,-706,-692,-960,-939,-771,-759]} 1. d4 d6 2. Nf3 g6 3. g3 Bg7 4. Bg2 Nf6 5. c4 O-O 6. Nc3 c6 7. O-O Bf5 8. Nh4 Be6 9. d5 cxd5 10. cxd5 Bd7 11. Be3 Na6 12. Bd4 Qa5 13. a3 {E62: King's Indian: Fianchetto: 6...c6 and Panno Variation (6...Nc6) without ...a6} Rfc8 14. b4 (14. Nf3 Nc7 15. b4 Qa6 16. a4 Qc4 17. e4 Bg4 18. Re1 Bxf3 19. Bxf3 Nd7 20. Bxg7 Kxg7 21. Bg4 Rd8 22. Bxd7 Rxd7 {½-½ (73) Sychev,K (2445)-Rakhmanov,A (2662) Sochi 2016}) 14... Qd8 15. Qd3 {The position is equal.} Qe8 16. Rfc1 $146 ({Predecessor:} 16. Nf3 Nc7 17. a4 b5 18. axb5 Nxb5 19. Nxb5 Bxb5 20. Qd2 a6 {½-½ (58) Fominykh,M (2296)-Zhang,X (2375) Katowice 2014}) 16... Nc7 17. f4 (17. a4 $11) 17... Nb5 $15 18. Nxb5 Bxb5 19. Qd2 Bc4 (19... Rxc1+ $15 20. Rxc1 Rc8) 20. Qb2 ({White should play} 20. e4 $14) 20... Qa4 ({Better is} 20... Bb5 $11) 21. e4 (21. Bh3 $14) 21... Qb3 $11 {[#] Hoping for ...Nxe4!} 22. Qxb3 Bxb3 23. Bb2 Ng4 24. Bxg7 $1 Kxg7 25. Nf3 Bc2 26. Nd4 Bd3 27. Bf3 h5 28. h3 Nf6 29. e5 Nd7 30. exd6 exd6 31. Kf2 Nb6 32. Nb3 Nc4 33. Rc3 Bf5 34. g4 hxg4 35. hxg4 Bd7 36. Be2 (36. Kg3 $11 {remains equal.}) 36... Nb6 $17 {[%mdl 64] [#] Discovered Attack} 37. Rxc8 Rxc8 38. Rc1 Rxc1 39. Nxc1 Nxd5 {[%mdl 4096] Endgame KBN-KBN} 40. Bf3 (40. Kf3 $17) 40... Nxf4 $19 41. Bxb7 Kf6 42. Bf3 Ke5 43. Nb3 g5 44. Nd2 d5 45. Bd1 Kd6 46. Ke3 Ng6 47. Kf2 Ne5 48. Kg3 f6 49. Be2 Ba4 50. Kf2 Kc7 51. Nb1 Bd7 52. Nc3 Kd6 ({Less strong is} 52... Nxg4+ 53. Bxg4 Bxg4 54. Nxd5+ Kc6 55. Nxf6 $17) ({Not} 52... Bxg4 53. Nxd5+ Kc6 54. Nxf6 $17) 53. Kg3 Bc6 54. Bd1 d4 {Black is clearly winning.} 55. Nb1 Kd5 56. Nd2 d3 57. Kf2 Kd4 58. Nb3+ Kc3 59. Nc5 Kd2 {Accuracy: White = 41%, Black = 77%.} 0-1

[Event "Asian Zonal 3.2 2019"]
[Site "Dhaka"]
[Date "2019.03.23"]
[Round "9.5"]
[White "Mohammad Minhaz Uddin"]
[Black "Nayem, Haque"]
[Result "1-0"]
[WhiteElo "2279"]
[BlackElo "2000"]
[Annotator "ChessBase"]
[PlyCount "83"]
[EventDate "2019.03.14"]
[EventType "swiss"]
[EventCountry "BAN"]
[SourceTitle "playchess.com"]
[Source "ChessBase"]
[SourceQuality "1"]
[TimeControl "5400+30"]

1. e4 {[%emt 0:00:00]} d6 {[%emt 0:00:17]} 2. d4 {[%emt 0:00:00]} e5 {[%emt 0:00:06]} 3. Ne2 {[%emt 0:06:20]} exd4 {[%emt 0:00:49]} 4. Nxd4 {[%emt 0:00:04]} Nf6 {[%emt 0:00:08]} 5. Nc3 {[%emt 0:00:05]} Nc6 {[%emt 0:00:07]} 6. Nxc6 {[%emt 0:00:19]} bxc6 {[%emt 0:00:01]} 7. Bd3 {[%emt 0:00:08]} Be7 {[%emt 0:00:51]} 8. O-O {[%emt 0:00:06]} O-O {[%emt 0:00:12]} 9. h3 {[%emt 0:00:04]} Nd7 {[%emt 0:02:22]} 10. Be3 {[%emt 0:03:10]} a5 {[%emt 0:01:00]} 11. Ne2 {[%emt 0:04:37]} Ne5 {[%emt 0:00:52]} 12. f4 {[%emt 0:00:42]} Nxd3 {[%emt 0:00:06]} 13. cxd3 {[%emt 0:00:03]} c5 {[%emt 0:03:11]} 14. f5 {[%emt 0:03:22]} Bf6 {[%emt 0:00:50]} 15. Rb1 {[%emt 0:01:01]} Bb7 {[%emt 0:00:29]} 16. Nf4 {[%emt 0:01:00]} c4 {[%emt 0:00:23]} 17. Nh5 {[%emt 0:05:30]} cxd3 {[%emt 0:02:13]} 18. Rf4 {[%emt 0:06:54]} Ba6 {[%emt 0:17:39]} 19. Qd2 {[%emt 0:10:16]} Kh8 {[%emt 0:02:10]} 20. Rbf1 {[%emt 0:04:28]} c5 {[%emt 0:06:58]} 21. Rg4 {[%emt 0:01:56]} Rb8 {[%emt 0:12:12]} 22. b3 {[%emt 0:29:18]} a4 {[%emt 0:07:02]} 23. e5 {[%emt 0:08:38]} dxe5 {[%emt 0:19:41]} 24. Rxa4 {[%emt 0:00:06]} Bb7 {[%emt 0:05:25]} 25. Rg4 {[%emt 0:00:13]} Rc8 {[%emt 0:04:16]} 26. Qf2 {[%emt 0:06:52]} e4 {[%emt 0:03:03]} 27. Qg3 {[%emt 0:05:50]} Rg8 {[%emt 0:05:56]} 28. Rf2 {[%emt 0:00:03]} Bd4 {[%emt 0:01:50]} 29. f6 {[%emt 0:00:58]} gxf6 {[%emt 0:00:31]} 30. Bxd4 {[%emt 0:02:23]} Qxd4 {[%emt 0:01:12]} 31. Nxf6 {[%emt 0:00:08]} Rxg4 {[%emt 0:00:48]} 32. Qxg4 {[%emt 0:00:04]} d2 {[%emt 0:01:20]} 33. Qf5 {[%emt 0:00:42]} d1=Q+ {[%emt 0:00:51]} 34. Kh2 {[%emt 0:00:01]} Kg7 {[%emt 0:01:07]} 35. Qg5+ {[%emt 0:00:50]} Kh8 {[%emt 0:00:33]} 36. Qh6 {[%emt 0:00:39]} Qe5+ {[%emt 0:00:41]} 37. g3 {[%emt 0:00:05]} Qxg3+ {[%emt 0:00:39]} 38. Kxg3 {[%emt 0:00:03]} Rg8+ {[%emt 0:00:34]} 39. Nxg8 {[%emt 0:00:21]} Kxg8 {[%emt 0:00:28]} 40. Qg5+ {[%emt 0:00:00]} Kf8 {[%emt 0:00:00]} 41. Qxc5+ {[%emt 0:00:00]} Kg7 {[%emt 0:00:00]} 42. Qe5+ {[%emt 0:00:00]} 1-0

[Event "Asian Zonal 3.2 2019"]
[Site "Dhaka"]
[Date "2019.03.23"]
[Round "9.6"]
[White "Alahakoon, Isuru"]
[Black "Rahman, Taibur"]
[Result "1-0"]
[WhiteElo "2079"]
[BlackElo "2226"]
[Annotator "ChessBase"]
[PlyCount "159"]
[EventDate "2019.03.14"]
[EventType "swiss"]
[EventCountry "BAN"]
[SourceTitle "playchess.com"]
[Source "ChessBase"]
[SourceQuality "1"]
[TimeControl "5400+30"]

1. Nf3 {[%emt 0:00:00]} d5 {[%emt 0:01:06]} 2. e3 {[%emt 0:00:18]} c5 {[%emt 0:01:35]} 3. b3 {[%emt 0:02:03]} Nf6 {[%emt 0:01:59]} 4. Bb2 {[%emt 0:00:37]} e6 {[%emt 0:00:05]} 5. c4 {[%emt 0:01:04]} Be7 {[%emt 0:00:39]} 6. Nc3 {[%emt 0:03:35]} O-O {[%emt 0:01:59]} 7. cxd5 {[%emt 0:01:19]} Nxd5 {[%emt 0:02:14]} 8. Qc2 {[%emt 0:03:09]} Nc6 {[%emt 0:01:33]} 9. a3 {[%emt 0:02:09]} b6 {[%emt 0:00:55]} 10. h4 {[%emt 0:03:55]} h6 {[%emt 0:13:39]} 11. g4 {[%emt 0:01:57]} Bb7 {[%emt 0:02:00]} 12. g5 {[%emt 0:05:15]} h5 {[%emt 0:07:28]} 13. Rh3 {[%emt 0:04:57]} Rc8 {[%emt 0:02:05]} 14. Ne4 {[%emt 0:04:39]} Re8 {[%emt 0:17:46]} 15. Ng3 {[%emt 0:06:03]} g6 {[%emt 0:02:16]} 16. Ne4 {[%emt 0:05:52]} a6 {[%emt 0:04:57]} 17. Rg3 {[%emt 0:02:27]} Rc7 {[%emt 0:09:07]} 18. Bh3 {[%emt 0:19:24]} Bd6 {[%emt 0:23:24]} 19. Rg1 {[%emt 0:01:24]} e5 {[%emt 0:00:26]} 20. Qd3 {[%emt 0:04:48]} Bf8 {[%emt 0:01:47]} 21. Qc2 {[%emt 0:10:29]} Bg7 {[%emt 0:00:10]} 22. Bf1 {[%emt 0:00:14]} Rd7 {[%emt 0:01:00]} 23. Bc4 {[%emt 0:04:44]} Na5 {[%emt 0:00:53]} 24. Be2 {[%emt 0:02:53]} Nc7 {[%emt 0:00:54]} 25. d3 {[%emt 0:04:05]} Qe7 {[%emt 0:00:51]} 26. Nfd2 {[%emt 0:00:28]} Red8 {[%emt 0:00:29]} 27. Nc4 {[%emt 0:01:29]} Nxc4 {[%emt 0:00:13]} 28. bxc4 {[%emt 0:00:27]} Bxe4 {[%emt 0:01:21]} 29. dxe4 {[%emt 0:00:06]} b5 {[%emt 0:00:16]} 30. Rc1 {[%emt 0:01:58]} b4 {[%emt 0:00:24]} 31. axb4 {[%emt 0:00:40]} cxb4 {[%emt 0:00:00]} 32. c5 {[%emt 0:00:11]} a5 {[%emt 0:00:05]} 33. Kf1 {[%emt 0:02:47]} Qe6 {[%emt 0:01:12]} 34. Rg3 {[%emt 0:00:50]} Rd2 {[%emt 0:00:32]} 35. Qb1 {[%emt 0:00:26]} Qb3 {[%emt 0:01:03]} 36. Ba1 {[%emt 0:00:34]} Qxb1 {[%emt 0:00:17]} 37. Rxb1 {[%emt 0:00:05]} Rc2 {[%emt 0:00:03]} 38. f4 {[%emt 0:00:58]} Rxc5 {[%emt 0:01:02]} 39. f5 {[%emt 0:00:22]} Rd2 {[%emt 0:00:13]} 40. Rg2 {[%emt 0:00:00]} Rdc2 {[%emt 0:00:00]} 41. Bb2 {[%emt 0:00:00]} a4 {[%emt 0:00:00]} 42. fxg6 {[%emt 0:00:00]} fxg6 {[%emt 0:00:00]} 43. Bd1 {[%emt 0:00:00]} Rxg2 {[%emt 0:00:00]} 44. Kxg2 {[%emt 0:00:00]} b3 {[%emt 0:00:00]} 45. Ra1 {[%emt 0:00:00]} Bf8 {[%emt 0:00:00]} 46. Rxa4 {[%emt 0:00:00]} Rb5 {[%emt 0:00:00]} 47. Be2 {[%emt 0:00:00]} Rb7 {[%emt 0:00:00]} 48. Bc4+ {[%emt 0:00:00]} Kh7 {[%emt 0:00:00]} 49. Ra1 {[%emt 0:00:00]} Nb5 {[%emt 0:00:00]} 50. Ra5 {[%emt 0:00:00]} Nd6 {[%emt 0:00:00]} 51. Bd5 {[%emt 0:00:00]} Rc7 {[%emt 0:00:00]} 52. Bxe5 {[%emt 0:00:26]} b2 {[%emt 0:00:00]} 53. Ba2 {[%emt 0:01:07]} Rb7 {[%emt 0:00:00]} 54. Ra8 {[%emt 0:00:40]} Nf7 {[%emt 0:00:00]} 55. Bd4 {[%emt 0:03:08]} Bg7 {[%emt 0:00:00]} 56. Kf3 {[%emt 0:01:57]} b1=Q {[%emt 0:00:14]} 57. Bxb1 {[%emt 0:00:10]} Rxb1 {[%emt 0:00:09]} 58. Ra7 {[%emt 0:00:16]} Kg8 {[%emt 0:00:43]} 59. Ra8+ {[%emt 0:00:07]} Bf8 {[%emt 0:00:29]} 60. e5 {[%emt 0:00:58]} Rb5 {[%emt 0:02:27]} 61. e6 {[%emt 0:00:53]} Ne5+ {[%emt 0:00:10]} 62. Ke4 {[%emt 0:00:05]} Nc6 {[%emt 0:00:52]} 63. Bf6 {[%emt 0:01:30]} Rb7 {[%emt 0:03:52]} 64. Kd5 {[%emt 0:00:49]} Ne7+ {[%emt 0:00:14]} 65. Kc4 {[%emt 0:00:18]} Rc7+ {[%emt 0:01:06]} 66. Kb5 {[%emt 0:00:41]} Rb7+ {[%emt 0:01:36]} 67. Ka5 {[%emt 0:01:01]} Nd5 {[%emt 0:01:38]} 68. e4 {[%emt 0:00:27]} Nc7 {[%emt 0:00:12]} 69. e7 {[%emt 0:00:27]} Rb5+ {[%emt 0:01:35]} 70. Ka4 {[%emt 0:00:09]} Rb4+ {[%emt 0:00:26]} 71. Kxb4 {[%emt 0:00:51]} Nxa8 {[%emt 0:00:05]} 72. exf8=Q+ {[%emt 0:00:12]} Kxf8 {[%emt 0:00:01]} 73. Bd8 {[%emt 0:00:31]} Ke8 {[%emt 0:00:06]} 74. Ba5 {[%emt 0:00:10]} Kd7 {[%emt 0:00:06]} 75. Kc4 {[%emt 0:01:00]} Kd6 {[%emt 0:01:48]} 76. Kd4 {[%emt 0:00:07]} Ke6 {[%emt 0:00:04]} 77. e5 {[%emt 0:00:24]} Ke7 {[%emt 0:00:24]} 78. Kd5 {[%emt 0:00:05]} Kd7 {[%emt 0:00:07]} 79. e6+ {[%emt 0:00:46]} Ke7 {[%emt 0:00:04]} 80. Ke5 {[%emt 0:02:04]} 1-0